LIBRARY & INFORMATION CENTRE, KCAET, TAVANUR

ONLINE PUBLIC ACCESS CATALOGUE (OPAC)

Text book of analytical geometry / (Record no. 3031)

MARC details
000 -LEADER
fixed length control field 00499cam a2200193ua 4500
041 ## - LANGUAGE CODE
Language code of text/sound track or separate title eng
082 ## - DEWEY DECIMAL CLASSIFICATION NUMBER
Classification number 516.3
Item number PIL/TE
100 ## - MAIN ENTRY--AUTHOR NAME
Personal name Manicavachagom Pillai, T.K. .
245 ## - TITLE STATEMENT
Title Text book of analytical geometry /
250 ## - EDITION STATEMENT
Edition statement 1 /
260 ## - PUBLICATION, DISTRIBUTION, ETC. (IMPRINT)
Place of publication Madras :
Name of publisher T.K.Manicavachagom Pillai ,
Year of publication 1955.
300 ## - PHYSICAL DESCRIPTION
Number of Pages 560 ; .
700 1# - ADDED ENTRY--PERSONAL NAME
Personal name Natarajan , J .
942 ## - ADDED ENTRY ELEMENTS (KOHA)
Koha item type Books
Holdings
Withdrawn status Lost status Damaged status Home library Current library Date acquired Cost, normal purchase price Full call number Accession Number Koha item type
Withdrawn     KAUAET KAUAET 07/04/2012 6.50 516.3 7254 Books
free website counter